000 00817cam a22002413a 4500
001 19164
003 PGUSA
005 20140828083415.0
008 060903s2006||||xxu|||||s|||||000 | eng d
040 _aPGUSA
_beng
042 _adc
050 4 _aN
100 1 _aRuskin, John,
_d1819-1900
245 1 0 _aLectures on Art :
_bDelivered before the University of Oxford in Hilary term, 1870
_h[electronic resource] /
_cJohn Ruskin
260 _bProject Gutenberg,
_c2006
505 0 _aInaugural -- The relation of art to religion -- The relation of art to morals -- The relation of art to use -- Line -- Light -- Colour.
506 _aPublic domain in the USA.
516 _aElectronic text
653 _aArt
830 0 _aProject Gutenberg
_v19164
856 4 0 _uhttp://www.gutenberg.org/ebooks/19164
942 _cEB
999 _c248419
_d248419